| 000 | 00000nas 2200000za 4500 |
| 001 | 9.828587 |
| 003 | CaOODSP |
| 005 | 20250403105826 |
| 007 | cr ||||||||||| |
| 008 | 161202d19882000oncmr p oss f0## b0fre|d |
| 022 | |y0840-8238 |
| 040 | |aCaOODSP|bfre |
| 041 | |aeng|afre |
| 043 | |an-cn--- |
| 086 | 1 |aCS31-001-PDF |
| 245 | 00|aMonthly survey of manufacturing |h[ressource électronique] = |bEnquête mensuelle sur les industries manufacturières. |
| 246 | 11|aEnquête mensuelle sur les industries manufacturières |
| 260 | |aOttawa : |bStatistics Canada = Statistique Canada, |c1988-2001. |
| 310 | |aMensuel |
| 362 | 0 |aJuillet 1988-octobre 2000. |
| 500 | |aÉdition numérisée de l’imprimé [par Statistique Canada]. |
| 520 | |aCette publication fournit des estimations des expéditions, des inventaires et des commandes des fabricants par mois. Les données sont présentées pour 22 grands groupes et certaines industries. |
| 546 | |aTexte en anglais et en français. |
| 550 | |aPubl. juin 1991-mai 199- par la Division de l'industrie; jui 1997-octobre 2000 par la Section de l'enquête mensuelle des manufactures. |
| 692 | 07|2gccst|aInventaire |
| 692 | 07|2gccst|aExpédition |
| 710 | 2 |aStatistique Canada.|bSection de l'enquête mensuelle des manufactures. |
| 710 | 1 |aCanada. |bStatistique Canada. |bDivision de l'industrie. |
| 710 | 2 |aStatistique Canada. |
| 780 | 00|tInventories, shipments & orders in manufacturing industries |w(CaOODSP)9.828552 |
| 785 | 00|tEnquête mensuelle sur les industries manufacturières |w(CaOODSP)9.500040 |
| 791 | |tMonthly survey of manufacturing |eeng|w(CaOODSP)9.828586 |